000 00433pab a2200169 454500
008 180718b2000 xxu||||| |||| 00| 0 eng d
100 _aAli, Mahmood
245 _aTraining of university teachers - a strategic requirement
260 _c2000
300 _ap.4-7
362 _a20 Nov
650 _aTraining
650 _aTeacher education
650 _aInservice teacher education
773 _aUniversity News
909 _a46884
999 _c46884
_d46884